[Event "Norwood Centenary"]
[Site "Norwood"]
[Date "1990.04.16"]
[Round "5.14"]
[White "Fereday, Anthony"]
[Black "Pointer, Geoffrey"]
[Result "1-0"]
[WhiteElo "1221"]
[BlackElo "1364"]
[PlyCount "59"]
[EventDate "1990.04.14"]
[EventType "swiss"]
[EventRounds "6"]
[EventCountry "AUS"]

1. e4 c5 2. Nf3 Nc6 3. b3 d6 4. Bb2 Nf6 {Sicilian Defence} 5. Bxf6 $146 (5. Nc3
g6 (5... e5 6. Bc4 h6 7. h3 g6 8. O-O Bg7 9. d3 O-O 10. Nh2 Nd4 11. Nd5 Ne6 12.
Nxf6+ Bxf6 13. Bc1 Bg7 14. Ng4 Kh7 15. Ne3 Rb8 16. a4 b6 17. Bd2 f5 18. f3 Nf4
19. Nd5 Nh5 20. c3 Ng3 21. Rf2 f4 22. Be1 h5 23. Rd2 Qh4 24. Raa2 g5 25. Ne7
Bd7 26. d4 g4 27. Nf5 Bxf5 28. exf5 gxh3 29. gxh3 exd4 30. cxd4 Bxd4+ 31. Rxd4
cxd4 32. Qxd4 Nxf5 33. Qe4 Qf6 34. Qxf4 Rbe8 35. Bb4 Re7 36. Bd3 Rg7+ 37. Kh2
Qg6 38. h4 Qg1+ 39. Kh3 Rg3+ {0-1 Puls,T-Troyke,C/BL2-O 1996/BL2 (39)}) 6. Nd5
Bg7 (6... e5 7. Bb5 Bg7 8. Nxf6+ Bxf6 9. Bxc6+ bxc6 10. d3 Bg7 11. O-O O-O 12.
Nd2 Bh6 13. Nc4 f5 14. exf5 Rxf5 15. Qe2 Be6 16. Rae1 Qe7 17. Bc1 Bg7 18. f3
Raf8 19. Nd2 R5f7 20. Ne4 h6 21. Be3 {
Spassky,B-Kindermann,S/BL 8586 1986/BL 80/1/2-1/2 (34)}) 7. Nxf6+ exf6 8. Bc4 (
8. Bb5 O-O 9. O-O Re8 10. Re1 Bg4 11. h3 Bd7 12. d4 f5 13. Bxc6 bxc6 14. e5
cxd4 15. Bxd4 c5 16. Be3 dxe5 17. Bxc5 e4 18. Nh2 Qc7 19. Bd4 Rad8 20. Bxg7
Kxg7 21. Qd4+ Kg8 22. Rad1 Be6 {
Kroencke,M-Traeger,S/BL2-N 1990/BL2/1/2-1/2 (41)}) 8... O-O 9. O-O Re8 10. Re1
a6 11. h3 Ra7 12. a4 b6 13. d3 f5 14. Bxg7 Kxg7 15. Qd2 Qf6 16. exf5 Rxe1+ 17.
Rxe1 Bxf5 18. Qf4 Nb4 19. g4 d5 {Kadar,G-Murin,J/HUN-chT 1993/TD 93\08/0-1 (40)
}) (5. d3 e6 6. Be2 Be7 7. O-O O-O 8. Nbd2 Nd7 9. d4 cxd4 10. Nxd4 Nxd4 11.
Bxd4 b6 12. Re1 Bb7 13. Bf1 Qc7 14. c4 Rfd8 15. Rc1 Bf6 16. Be3 Nc5 17. f3 a5
18. Qc2 Rac8 19. a3 Nd7 20. Bd3 Ne5 21. Nb1 Nc6 22. Qf2 Rd7 23. Nc3 Ne5 24. Bf1
Bd8 25. Nb5 Qb8 26. Bxb6 a4 27. Bxd8 Rdxd8 28. b4 Ba6 29. Nc3 Bxc4 30. Bxc4
Rxc4 31. Qe3 Rdc8 32. h3 Qc7 33. Ne2 Qd7 34. Rb1 R4c7 35. Red1 Nc4 36. Qd3 Qb5
37. Nd4 Qb6 38. Kh2 h6 39. b5 Ne5 {
Frolik,E-Kuenzner,F/BL2-S 8889 1989/BL2/1/2-1/2 (63)}) 5... exf6 {
Prevents intrusion on e5+g5} 6. Bb5 Bd7 $14 (6... f5 7. Bxc6+ bxc6 8. d3 $11)
7. Qe2 a6 8. Bxc6 Bxc6 9. c4 Be7 10. Nc3 O-O {Black gets strong initiative} 11.
d4 $15 (11. O-O $5 $14 {is noteworthy}) 11... Qa5 12. Qc2 $2 $17 (12. Qd2 $142
$5 $11 {and White has air to breath}) 12... Bxe4 {
Black gets strong play along the open e-file} 13. Qd2 Bxf3 14. gxf3 cxd4 15.
Nd5 Qxd2+ 16. Kxd2 Bd8 17. Rhe1 f5 18. Kd3 Bh4 19. Re2 Rfe8 20. Rae1 {
Do you see the mate threat?} Rxe2 21. Rxe2 Kf8 22. Kxd4 Re8 23. Rc2 Re1 24. c5
$19 (24. f4 Ke8 $17) 24... Rd1+ 25. Kc4 b5+ $4 $18 {
ruins a clearly superior position} (25... dxc5 $142 26. Kxc5 g6 $19) 26. cxb6 {
The passed pawn on b6 quickly leads to threats} Re1 27. Kb4 g6 (27... Re8 {
praying for a miracle} 28. b7 Bxf2 $18) 28. Rc8+ (28. b7 $142 $5 {
and White can already relax} Kg7 29. b8=Q Bg5 $18) 28... Kg7 29. b7 Re5 (29...
Rd1 {does not help much} 30. Nc7 $1 $18 {the logical end}) 30. Kc4 (30. Kc4 Re2
31. b8=Q Rc2+ 32. Kd3 Rxc8 33. Qxc8 $18) 1-0

[Event "Norwood Centenary"]
[Site "Norwood"]
[Date "1990.04.16"]
[Round "5.15"]
[White "Siow, David"]
[Black "Fraser, Lee"]
[Result "0-1"]
[WhiteElo "1130"]
[BlackElo "1245"]
[PlyCount "68"]
[EventDate "1990.04.14"]
[EventType "swiss"]
[EventRounds "6"]
[EventCountry "AUS"]

1. e4 e5 2. Nf3 Nc6 3. Bb5 d6 4. O-O {Ruy Lopez [Old Steinitz Defence]} Bg4 (
4... Be7 5. d4 (5. h3 Nf6 6. d4 exd4 7. Nxd4 Bd7 8. Nxc6 Bxc6 9. Bxc6+ bxc6 10.
Nc3 O-O 11. Qe2 Nd7 12. b3 Bf6 13. Bb2 Re8 14. Na4 Bxb2 15. Nxb2 Nf6 16. f3 Re6
17. Nd3 Qe8 18. Rfe1 Nd7 19. Qf2 Ne5 {Goergens,M-Spillecke,T/Binz 1994/1-0 (48)
}) 5... Bg4 6. d5 a6 7. Ba4 b5 8. dxc6 bxa4 9. c4 Nf6 10. Re1 O-O 11. Nc3 Qe8
12. Qxa4 Bxf3 13. gxf3 Nh5 14. Nd5 Bd8 15. c5 f5 16. Qb3 Kh8 17. Qb7 Qg6+ 18.
Kh1 Bh4 19. Rg1 {Zilahy,G-Derera,M/Balatonbereny 1993/EXT 93op/0-1 (56)}) 5. c3
d5 $2 $16 (5... a6 6. Ba4 b5 7. Bc2 Be7 8. Re1 Nf6 9. h3 Bh5 10. d3 O-O 11.
Nbd2 d5 12. Qe2 d4 13. c4 Nb4 14. Bb3 Nd7 15. a3 Nc6 16. cxb5 axb5 17. Bd5 Ra6
18. Nf1 Bd6 19. g4 Bg6 20. h4 {
Buntin,F-Fischer,L/GER-chJI U20 Hamburg 1993/TD 93\05/1-0 (37)}) (5... Qf6 $142
$11 {and Black can hope to survive}) 6. Qa4 Bxf3 $18 (6... Nge7 $5 7. Nxe5 Bd7
8. Nxd7 Qxd7 9. exd5 Qxd5 10. Re1 $16) 7. Bxc6+ $1 {puts the final touch} bxc6
8. Qxc6+ $1 {a beautiful, forced end to the game} Ke7 9. gxf3 dxe4 10. Re1 Nf6
(10... f6 $5 $18) 11. fxe4 $16 (11. d4 $142 $5 Qd5 (11... exd4 12. Bg5 e3 13.
cxd4 Qxd4 14. Bxe3 $18) 12. Qxc7+ Nd7 13. Rxe4 Ke8 $18) 11... h6 12. d4 Ng4 (
12... Nd7 $142 $18) 13. dxe5 $4 $14 {gives the opponent counterplay} (13. b3
$142 Qc8 14. Rd1 exd4 15. Rxd4 $18) 13... Nxe5 {Black gets in control.} 14. Qb5
$15 (14. Qc5+ $142 $5 {is a viable option} Ke6 15. Qe3 $14) 14... Nf3+ 15. Kf1
Nxe1 16. Kxe1 Qd7 17. Qe5+ Kd8 18. Bxh6 $4 $19 (18. Be3 $142 $15 {
had to be tried to avoid defeat}) 18... Rxh6 19. Na3 (19. Nd2 {
doesn't improve anything} f6 20. Qg3 Bd6 $19) 19... Bxa3 20. Rd1 (20. bxa3 {
otherwise it's curtains at once} Rg6 21. Ke2 $19) 20... Bd6 21. Qxg7 Re6 (21...
Rxh2 $5 {makes it even easier for Black} 22. Qg1 Rh8 23. Rd5 $19) 22. Qd4 (22.
f3 {doesn't change anything anymore} Rg6 23. Qh8+ Qe8 $19) 22... Ke7 23. f4 (
23. Rd3 {doesn't change the outcome of the game} Qb5 $19) 23... Qc6 (23... Qb5
{keeps an even firmer grip} 24. Rd2 Bxf4 25. Re2 $19) 24. e5 Qg2 25. Qe3 Rh8 {
Threatening mate... how?} 26. Rxd6 (26. Qf2 {
the only chance to get some counterplay} Qxh2 27. Qxh2 Rxh2 28. Rd2 Rh1+ 29.
Kf2 Bc5+ 30. Kf3 Rf1+ 31. Ke4 f5+ 32. Kxf5 $19) 26... Rxh2 $1 {
final destruction. The mate threat is Qh1} 27. Rxe6+ fxe6 (27... Kf8 28. Qc5+
Kg7 29. Rg6+ Kxg6 30. Qd6+ cxd6 31. f5+ Kxf5 32. exd6 Qe2#) 28. Qc5+ Kd7 $19 (
28... Ke8 29. Qb5+ Kf8 30. Qb8+ Kg7 31. Qxc7+ Kh6 32. Qg7+ Kxg7 33. f5 Qe2#)
29. Qb5+ Qc6 {Threatening mate: Qxb5} 30. Qd3+ (30. a4 {desperation} Qxb5 31.
axb5 Rxb2 32. Kd1 $19) 30... Kc8 {Do you see the mate threat?} 31. f5 Qh1+ 32.
Qf1 Qxf1+ $19 (32... Qe4+ 33. Qe2 Qxe2#) 33. Kxf1 exf5 34. e6 Kd8 (34... Kd8
35. b4 Rxa2 $19) 0-1

[Event "Norwood Centenary"]
[Site "Norwood"]
[Date "1990.04.16"]
[Round "5.16"]
[White "Steffensen, Neil"]
[Black "Manning, Cliff"]
[Result "0-1"]
[WhiteElo "1125"]
[BlackElo "1246"]
[PlyCount "34"]
[EventDate "1990.04.14"]
[EventType "swiss"]
[EventRounds "6"]
[EventCountry "AUS"]

1. d4 d5 2. c4 e6 3. Nc3 {Queen's Gambit} Bb4 4. Bd2 (4. Qb3 Nc6 5. Nf3 a5 6.
e3 Nge7 7. Bd2 O-O 8. Rc1 a4 9. Qc2 a3 10. b3 e5 11. Nxd5 Nxd5 12. cxd5 Qxd5
13. Bxb4 Nxb4 14. Qd2 e4 15. Ne5 Qd6 16. Rc5 Nd5 17. Nc4 Qd8 18. Ra5 Be6 {
Lputian,S-Giorgadze,G/Kropotkin 1995/TUR 95/0-1 (88)}) 4... c5 $146 (4... Nc6
5. e3 Nf6 6. Nf3 O-O 7. c5 b6 8. cxb6 cxb6 9. Rc1 Bd6 10. Bd3 Re8 11. O-O e5
12. dxe5 Nxe5 13. Nxe5 Bxe5 14. h3 d4 15. exd4 Qxd4 16. Be3 Qd6 17. Qf3 Rb8 18.
Rfd1 Bb7 19. Be4 {Lauter,A-Schmittmann,D/Guben 1996/1-0 (50)}) 5. e3 Nc6 6. Nf3
Nf6 7. Bd3 (7. a3 Bxc3 8. Bxc3 cxd4 9. exd4 Bd7 $11) 7... b6 8. O-O O-O 9. Re1
Bb7 {Black fights for the Initiative} 10. cxd5 exd5 11. e4 $17 (11. a3 $142 {
and White can hope to live} Ba5 12. Rc1 $11) 11... Bxc3 (11... cxd4 $6 12. Nxd5
Bxd2 13. Qxd2 $11) (11... Nxd4 $6 12. Nxd4 dxe4 13. Nxe4 Bxd2 14. Qxd2 Qxd4 15.
Nxf6+ Qxf6 16. Rad1 $17) 12. Bxc3 dxe4 (12... Nxe4 $6 13. dxc5 bxc5 14. Bxe4
dxe4 15. Nd2 $11) 13. Bxe4 Nxe4 14. Qd3 $2 (14. Rxe4 $142 Nxd4 15. Rxd4 cxd4
16. Qxd4 Qxd4 17. Nxd4 $19 (17. Bxd4 $2 Bxf3 18. gxf3 Rad8 $19)) 14... Nxc3 15.
Qxc3 (15. bxc3 {cannot undo what has already been done} cxd4 16. cxd4 Nb4 $19)
15... Nxd4 16. Ng5 (16. Nxd4 {there is nothing better in the position} cxd4 17.
Qg3 $19) 16... Qxg5 17. Re3 (17. Qg3 {hoping against hope} Qxg3 18. hxg3 $19)
17... Qxg2# 0-1

[Event "Norwood Centenary"]
[Site "Norwood"]
[Date "1990.04.16"]
[Round "6.1"]
[White "Speck, Nicholas S"]
[Black "Lee, Simon"]
[Result "1/2-1/2"]
[WhiteElo "1907"]
[BlackElo "1859"]
[PlyCount "66"]
[EventDate "1990.04.14"]
[EventType "swiss"]
[EventRounds "6"]
[EventCountry "AUS"]

1. e4 d5 2. exd5 Qxd5 3. Nc3 Qd8 4. d4 Nf6 {
Scanddinavian Defence [Centre Counter]} 5. Nf3 Bg4 6. Be2 e6 7. O-O Be7 8. h3
Bh5 9. Be3 $146 (9. Re1 O-O 10. Ne5 Bxe2 11. Rxe2 Nbd7 12. Bf4 Nb6 13. Qd3 c5
14. dxc5 Bxc5 15. Rd1 Qxd3 16. Rxd3 Rad8 17. Red2 Rxd3 18. Nxd3 Be7 19. Ne5
Nbd5 20. Nxd5 Nxd5 21. Bg3 Rd8 22. Nc4 {
1/2-1/2 Courtney,H-Veloso,P/Manila olw 1992/TD 92\07 (22)}) (9. Ne5 Bxe2 10.
Qxe2 O-O 11. Qb5 (11. Rd1 c6 12. a4 Qc7 13. Bf4 Bd6 14. Bg3 Na6 15. Ne4 Nxe4
16. Qxe4 f6 17. Nc4 Bxg3 18. Qxe6+ Kh8 19. fxg3 Rfe8 20. Qd6 Qf7 21. b3 Rad8
22. Qf4 Qg6 23. Nd6 Re2 24. Nxb7 Qxc2 25. Qf3 Rde8 {
Kebbekus,T-Dreckmeier,D/NRW-I 1992/TD 92\01/1-0 (41)}) 11... Qc8 12. d5 Na6 13.
Be3 Nb4 14. Bg5 a6 15. Qe2 Nbxd5 16. Nxd5 exd5 17. Rfe1 Re8 18. Qf3 c6 19. Re2
Qe6 20. Ng6 Qd6 21. Nxe7+ Rxe7 22. Bxf6 Rxe2 23. Qxe2 Qxf6 {
Tzermiadianos,A-Kotronias,V/Katerini GP 1993/TD 93\09/0-1 (37)}) 9... c6 {
Covers b5} 10. Ne5 Bxe2 11. Qxe2 Nbd7 12. Rad1 O-O 13. f4 Nd5 14. Ne4 Nxe3 15.
Qxe3 Qc7 16. Kh1 Nf6 17. c4 Nxe4 18. Qxe4 Rad8 19. f5 exf5 20. Rxf5 {
Opening the e-file gets Black a lot of play} Bd6 21. Ng4 {
White prepares the advance d5} Rfe8 22. Qc2 h6 23. Rf3 $15 (23. d5 cxd5 24.
Rfxd5 Re6 $11) 23... Qe7 $11 (23... Rd7 24. Re3 Rde7 25. Rde1 $15) 24. Qf5 Qe6
25. d5 {White gains space} Qxf5 $11 (25... cxd5 26. cxd5 Qxf5 27. Rxf5 $17) 26.
Rxf5 c5 27. Rdf1 Rd7 28. R5f3 Re2 29. R3f2 Rde7 30. Kg1 Bg3 $15 (30... h5 31.
Rxe2 Rxe2 32. Nf2 $17) 31. Rf3 Bd6 $11 (31... Bc7 $5 $15) 32. R3f2 Bg3 $11 (
32... h5 $142 $5 33. Rxe2 Rxe2 $17) 33. Rf3 Bd6 $11 (33... Bb8 $5 $15) 1/2-1/2

[Event "Norwood Centenary"]
[Site "Norwood"]
[Date "1990.04.16"]
[Round "6.2"]
[White "Corner, Michael"]
[Black "Clarke, Richard"]
[Result "1-0"]
[WhiteElo "1923"]
[BlackElo "1626"]
[PlyCount "71"]
[EventDate "1990.04.14"]
[EventType "swiss"]
[EventRounds "6"]
[EventCountry "AUS"]

1. d4 Nf6 2. c4 c5 3. d5 e6 4. Nc3 exd5 5. cxd5 d6 6. e4 g6 7. Be2 Bg7 8. Nf3
O-O 9. O-O Bg4 10. Nd2 Bxe2 11. Qxe2 a6 12. a4 Nbd7 {Benoni [Main Line]} 13.
Nc4 (13. a5 Re8 14. Nc4 b5 15. axb6 Nxb6 16. Nxb6 Qxb6 17. Ra4 Nd7 18. Re1 Bd4
19. Kh1 Ne5 20. f4 Nd7 21. g4 Nf6 22. Qd1 h5 23. gxh5 Nxh5 24. Qf3 Qb3 25. Ra3
Qc2 26. Ra1 Qf2 27. Qxf2 Bxf2 28. Re2 Bd4 29. Kg2 f5 30. exf5 Rxe2+ 31. Nxe2
gxf5 32. Ra4 {1/2-1/2 Hort,V-Kavalek,L/BL 8081 1981/BL 80 (32)}) 13... Nb6 14.
Nd2 $146 (14. Bg5 Re8 15. a5 Nxc4 16. Qxc4 b5 17. axb6 Qxb6 18. f3 Nd7 19. Na4
Qb5 20. Qxb5 axb5 21. Nc3 b4 22. Rxa8 Rxa8 23. Nd1 Ra1 24. Bf4 Bd4+ 25. Be3
Rxd1 26. Rxd1 Bxe3+ 27. Kf1 c4 28. Ke2 Bf4 {
Krisztian,G-Hever,M/HUN-chT 1993/TD 93\08/0-1 (43)}) (14. Bd2 Nxc4 15. Qxc4 Re8
16. Rfe1 Nd7 17. f4 Qh4 18. g3 Qh3 19. Re2 b5 20. Qd3 c4 21. Qf3 Nc5 22. Be3
Nd3 23. Nd1 Qd7 24. Rb1 bxa4 25. Nf2 Rab8 26. Nxd3 cxd3 27. Rd2 a3 28. Rxd3
Bxb2 29. Rbd1 a2 30. Bd4 Bxd4+ 31. Rxd4 Rb1 {
0-1 Sorkin,I-Blodstein,B/ISR-chT 1996/EXP 52 (31)}) (14. Na3 Re8 15. Qc2 Nh5
16. a5 Nd7 17. Nc4 Ne5 18. Nb6 Rb8 19. Ra3 Qh4 20. Ne2 Rbd8 21. f3 Re7 22. Be3
f5 23. exf5 Rde8 24. Bf2 Qf6 25. fxg6 Nxg6 26. Nc3 Ngf4 27. Ne4 Qg6 28. Bh4
Rxe4 {Lputian,S-Suba,M/Debrecen 1992/EU-chT/0-1 (40)}) (14. a5 Nxc4 15. Qxc4
Re8 16. f3 Nd7 17. Bf4 Ne5 18. Qe2 Rc8 19. Be3 Qd7 20. Rfc1 f5 21. h3 Nf7 22.
Qc4 fxe4 23. fxe4 Qe7 24. Re1 Be5 25. Bf2 Qf6 26. Ra3 Qf4 27. g3 Qf6 28. Kg2
Ng5 29. Nd1 Rf8 30. Qe2 Rce8 31. h4 Nf7 32. Rf1 Qe7 33. Qg4 Bg7 34. Rb3 Ne5 35.
Qe2 Rf7 36. Be3 Rxf1 37. Qxf1 Ng4 38. Qf3 Nxe3+ 39. Rxe3 Qc7 40. Rb3 Rf8 41.
Qg4 Qxa5 42. Rf3 Rxf3 43. Kxf3 Qc7 44. Ke2 Qe7 45. b3 Qe8 46. Ne3 b5 47. h5
gxh5 48. Qf5 h6 49. Kd3 a5 50. g4 Qe5 51. gxh5 Qc3+ 52. Ke2 Qb2+ 53. Ke1 Qc3+
54. Ke2 Qb2+ 55. Ke1 Qe5 {1/2-1/2 Krisztian,G-Madl,I/HUN-chT 1992/TD 92\10 (55)
}) 14... Re8 15. Qd3 Rc8 16. Re1 c4 17. Qf1 Qc7 18. Nf3 Ng4 19. h3 Ne5 20. Nxe5
Bxe5 ({Instead of} 20... dxe5 21. a5 Nd7 22. Rd1 $16) 21. Be3 Nd7 22. f3 Bg7
23. Rec1 Ne5 24. Rc2 Nd3 25. Nd1 Nb4 26. Re2 Nd3 27. Kh1 $15 (27. Rc2 $5 $11)
27... Qd7 28. Qg1 b5 $11 (28... f5 29. Bd2 Nxb2 30. Nxb2 Bxb2 $19) 29. axb5
Qxb5 {The pressure on b2 grows} 30. Bd4 Bxd4 31. Qxd4 a5 $16 (31... Ne5 32. Qc3
$11) 32. Rc2 Rc5 $18 (32... Qc5 33. Qxc5 Rxc5 $11) 33. Ne3 Rec8 34. Ng4 Nxb2 $4
{leading to a quick end.} (34... h5 $142 35. Nh6+ Kf8 $16) 35. Rxb2 Qa6 36.
Nf6+ (36. Nf6+ Kf8 37. Nxh7+ Kg8 38. Nf6+ Kf8 39. Nd7+ Kg8 40. Nxc5 dxc5 41.
Qc3 $18) 1-0

[Event "Norwood Centenary"]
[Site "Norwood"]
[Date "1990.04.16"]
[Round "6.3"]
[White "Thompson, Alan"]
[Black "Zaric, Srboljub"]
[Result "0-1"]
[WhiteElo "1774"]
[BlackElo "2180"]
[PlyCount "124"]
[EventDate "1990.04.14"]
[EventType "swiss"]
[EventRounds "6"]
[EventCountry "AUS"]

1. e4 c5 2. Nf3 d6 3. d4 cxd4 4. Nxd4 Nf6 5. Nc3 e6 6. Be2 Be7 7. O-O O-O {
Sicilian Defence [Scheveningen Variation]} 8. a4 (8. Bg5 Nc6 9. Nb3 a6 10. a4
Qc7 11. Qd2 b6 12. Rfe1 Bb7 13. Rad1 Rad8 14. Bd3 Nb4 15. h3 Bc6 16. Qe2 Qb7
17. Nd2 Nxd3 18. Qxd3 b5 19. axb5 axb5 20. Nb3 b4 21. Na5 Qc7 22. Nxc6 Qxc6 23.
Na2 Rb8 24. Bd2 d5 25. exd5 Nxd5 26. Qe4 Rfc8 27. c3 bxc3 28. Nxc3 Bf6 29. Nxd5
exd5 30. Qe2 h6 31. b4 d4 32. Qg4 Kh8 33. Qh5 Kg8 34. Qg4 Kh8 35. Qh5 Kg8 {
1/2-1/2 Rutherford,E-Dembo,L/Paris 1996 (35)}) 8... Nc6 9. Be3 e5 $146 (9...
Bd7 10. Nb3 Na5 11. Nxa5 Qxa5 12. Qd2 Rfd8 13. f3 Qc7 14. Bd3 Bc6 15. Qf2 d5
16. Kh1 b6 17. Nb5 Qb8 18. Qh4 e5 19. exd5 Bxd5 20. Bxh7+ Nxh7 21. Qxe7 Nf6 22.
Bg5 Rd7 23. Qb4 Ne8 24. Rad1 Qb7 25. Nc3 Be6 26. Rxd7 Qxd7 27. Qe4 Rc8 28. Rd1
Qc6 29. Qxc6 Rxc6 30. Rd8 Rc8 31. Nb5 a6 32. Na3 f6 33. Rxc8 Bxc8 34. Be3 Bd7
35. Bxb6 Bxa4 36. Kg1 Kf7 37. Kf2 Ke6 38. b3 Bc6 39. c4 Nd6 40. Nc2 Bb7 41. Nb4
Kd7 42. g4 Nc8 43. Bc5 Ne7 44. Bxe7 {
Barua,D-Vaidya,A/Calcutta 1986/TD 86\01/1-0 (55)}) 10. Nb3 Be6 11. f3 {
Secures g4} (11. f4 exf4 12. Rxf4 d5 13. exd5 Nxd5 (13... Bxd5 $143 14. Rxf6 (
14. Nxd5 $2 Nxd5 (14... Qxd5 $6 15. Qd2 $11) 15. Rd4 Nxd4 (15... Nxe3 $6 16.
Rxd8 Nxd1 17. Rxa8 Rxa8 18. Rxd1 $11) 16. Bxd4 Nf4 $19) 14... Bxf6 15. Nxd5 $16
) 14. Nxd5 Bxd5 $11) 11... d5 12. exd5 Nxd5 13. Nxd5 Bxd5 14. c3 {Controls b4}
f6 {Prevents intrusion on g5} 15. Qc2 Bf7 16. Nd2 Qc7 17. Bc4 Rad8 18. Bxf7+ (
18. Bd3 g6 $11) 18... Rxf7 19. Rac1 Bf8 20. Ne4 b6 {Controls c5} 21. Rcd1 Rfd7
22. Qb3+ Kh8 23. Rxd7 Qxd7 24. Nf2 Na5 25. Qc2 Nc4 26. Bc1 $15 (26. Rd1 Qc8 27.
Rxd8 Qxd8 $11) 26... Bc5 27. b4 Ne3 28. Bxe3 Bxe3 29. Re1 Bxf2+ (29... Qd3 30.
Qxd3 Rxd3 31. Kf1 Bxf2 32. Kxf2 Rxc3 33. f4 $11) 30. Kxf2 g6 31. c4 Qd4+ 32.
Kf1 Rc8 33. Rc1 Kg7 34. Qc3 Qxc3 $11 (34... a5 35. bxa5 bxa5 36. Qb3 $11) 35.
Rxc3 Kf7 36. Ke2 Ke6 37. Ke3 Rc7 38. g3 f5 39. h4 a5 40. bxa5 bxa5 41. Kd3 Rd7+
42. Ke3 Rc7 $11 (42... Rb7 $5 $15) 43. f4 $15 (43. Kd3 $5 $11) 43... e4 44. Kd4
$17 (44. Rc2 h5 $15) 44... Kd6 $11 (44... Rd7+ $5 45. Kc5 Rd3 $17) 45. c5+ Kc6
46. Ke5 $17 {The white king gets dangerous} (46. Rb3 Rb7 47. Rxb7 Kxb7 48. Kc3
$19) 46... Rd7 47. g4 (47. Rb3 $142 $5 $19) 47... Rd5+ 48. Kf6 fxg4 49. Re3 Rh5
50. Rxe4 g3 (50... Rxh4 $6 51. Kg5 Rh5+ 52. Kxg4 Rxc5 53. Re6+ Kd5 54. Re7 $17)
51. Re3 Kxc5 (51... Rxh4 52. Rxg3 Rxf4+ 53. Kg7 $19) 52. Rxg3 Rxh4 53. f5 gxf5
54. Kxf5 Kb4 55. Kg5 Rc4 56. Kh6 Kxa4 57. Kxh7 Kb5 58. Rg7 a4 59. Rb7+ Kc6 60.
Ra7 Kb6 61. Rf7 (61. Ra8 $19) 61... Rb4 (61... Rc7 $142 {secures the win} 62.
Kg6 Rxf7 63. Kxf7 a3 $19) 62. Rf2 a3 (62... a3 63. Ra2 Ra4 $19) (62... Rg4 {
might be the shorter path} 63. Kh6 $19) 0-1

[Event "Norwood Centenary"]
[Site "Norwood"]
[Date "1990.04.16"]
[Round "6.4"]
[White "Freytag, Justin"]
[Black "Djelaj, Pasko"]
[Result "1-0"]
[WhiteElo "1909"]
[BlackElo "1759"]
[PlyCount "107"]
[EventDate "1990.04.14"]
[EventType "swiss"]
[EventRounds "6"]
[EventCountry "AUS"]

1. e4 e5 2. d4 d6 3. dxe5 dxe5 4. Qxd8+ Kxd8 5. Bc4 f6 6. Be3 {Pirc Defence} (
6. Nc3 Bc5 7. f4 Nc6 8. Nf3 Nd4 9. Nxd4 exd4 10. Na4 Bd6 11. b3 Bd7 12. Nb2 Nh6
13. O-O b5 14. Bd3 a6 15. a4 Rb8 16. h3 Bb4 17. axb5 axb5 18. Nd1 Nf7 19. Bb2
Bc5 20. Nf2 Nd6 21. Rad1 Ra8 22. e5 Ra2 23. exd6 Rxb2 24. Ra1 {
1-0 Horvath,C-Dam,R/Leeuwarden op 1993/TD 93\09 (24)}) 6... Ne7 $146 (6... Nc6
7. a3 Bd7 8. Nc3 Bd6 9. O-O-O a6 10. Nge2 Nge7 11. Rd2 b5 12. Ba2 Kc8 13. Nd5
Nxd5 14. Bxd5 Kb7 15. c4 bxc4 16. Rc2 a5 17. Rxc4 Ra6 18. Kb1 Kc8 19. Rhc1 Ne7
20. Nc3 c6 21. Na4 {
Mikztchian,L-Budylina,S/EU-chJW U12 Herculane 1994/TD 94\01/1-0 (49)}) (6... c6
7. Nc3 Kc7 8. a3 a5 9. Nge2 b5 10. Bf7 Na6 11. O-O Bc5 12. Bxc5 Nxc5 13. Bxg8
Rxg8 14. b4 axb4 15. axb4 Rxa1 16. Rxa1 Na6 17. Rb1 Rd8 18. Kf1 f5 19. Ke1 f4 {
1/2-1/2 Bock,U-Junger,U/OLWuert 1988/GER 01 (19)}) (6... Nd7 7. Nd2 Bc5 8. Bxc5
Nxc5 9. O-O-O Ke7 10. Ne2 Be6 11. f3 Nh6 12. Bxe6 Nxe6 13. Nc4 {
1/2-1/2 Holzapfel,D-Pawlitzki,T/BL2-N 1992/BL2 (13)}) 7. Nc3 c6 {
Consolidates b5} 8. O-O-O+ Kc7 9. h4 b5 10. Bb3 a5 11. a4 b4 {Black wins space}
12. Nb1 h5 13. Nd2 Ng6 14. g3 {Covers f4} Be7 15. Bf7 Nf8 16. Nc4 Ra6 17. f4
Bg4 {The bishop dominates} 18. Rd3 Nfd7 19. fxe5 $15 (19. Rh2 Bc5 $11) 19...
fxe5 20. Nh3 $17 (20. Rd2 $5 $15 {is an interesting idea}) 20... Rf8 21. Bg6
Be2 22. Ng5 c5 $1 {securing the lead} 23. Bf5 Bxd3 24. cxd3 Bxg5 25. hxg5 g6
26. Bh3 Rf3 27. g4 hxg4 $15 (27... h4 28. Bg2 Rg3 29. Bf1 $17) 28. Bxg4 Rf7 29.
Rh8 Re7 30. Bg1 Rf7 $11 (30... Nc6 31. Bxd7 Rxd7 32. Kd2 $15) 31. Bh2 $15 {
Attacking the isolated pawn on e5} (31. Be3 Kb7 $15) 31... Re7 $11 (31... Nc6
32. Bxd7 Kxd7 33. Bxe5 $11) 32. Rh6 Rf7 33. Nxe5 {
Exerts pressure on the isolated pawn. White gets the initiative} Rf1+ $14 (
33... Nxe5 $5 34. Bxe5+ Kb7 $11) 34. Bd1 Nxe5 (34... Kd8 $5 35. Nxg6 Ke8 $16)
35. Bxe5+ Kb7 36. Rh7+ Ka8 37. Rh8 Rb6 38. Kd2 Rf7 $18 (38... Ka7 $5 $16) 39.
Rc8 $16 (39. Bb3 Rd7 $18) 39... Ka7 40. Rxc5 {
The passed pawn on d3 will quickly become a dangerous weapon} Nc6 41. Bf6 Rh7 (
41... Ra6 42. Bb3 Rh7 43. Bc4 $18) 42. Bf3 $16 (42. d4 $142 $5 Kb7 $18) 42...
Ka6 $18 (42... Rh2+ $142 $5 43. Be2 Rh4 $18) 43. d4 Rh2+ (43... Na7 44. d5 $18)
44. Be2+ {The game is finished by a kings attack} Kb7 45. d5 Nb8 46. Be5 Rh7 (
46... Rg2 47. Bf4 $18) 47. Bg4 Na6 (47... Ka8 {
cannot undo what has already been done} 48. Bd4 Ra6 49. Bc8 $18) 48. Bc8+ (48.
Rxa5 $6 Re7 49. Be6 Nc7 50. Bxc7 Rxc7 $18) 48... Ka7 49. Rxa5 Re7 (49... Rbb7 {
cannot change what is in store for ?} 50. Bd4+ Kb8 51. Bxb7 (51. Rxa6 $143 Kxc8
52. Rxg6 Rbe7 $18) 51... Kxb7 52. Rb5+ Kc8 53. Rb6 $18) 50. Bd4 Rxe4 51. Rxa6+
Kb8 52. Rxb6+ Kxc8 53. Kd3 {Threatening mate... how?} Rg4 (53... Rf4 {
does not solve anything} 54. a5 Rf1 55. a6 $18) 54. Rxg6 (54. Rxg6 Kd7 55. a5
$18) 1-0